Spon's European construction costs handbook (Record no. 100030)

MARC details
000 -LEADER
fixed length control field 01018cam a2200265 4500
005 - DATE AND TIME OF LATEST TRANSACTION
control field 20260508133810.0
008 - FIXED-LENGTH DATA ELEMENTS--GENERAL INFORMATION
fixed length control field 000000n2000 000 0 eng u
020 ## - INTERNATIONAL STANDARD BOOK NUMBER
International Standard Book Number 0419254609
035 ## - SYSTEM CONTROL NUMBER
System control number (Sirsi) u101169
041 ## - LANGUAGE CODE
Language code of text/sound track or separate title eng
050 ## - LIBRARY OF CONGRESS CALL NUMBER
Classification number 692.5094
110 ## - MAIN ENTRY--CORPORATE NAME
Corporate name or jurisdiction name as entry element Davis Langdon and Everest
9 (RLIN) 1155
245 ## - TITLE STATEMENT
Title Spon's European construction costs handbook
250 ## - EDITION STATEMENT
Edition statement 3rd ed.
260 ## - PUBLICATION, DISTRIBUTION, ETC.
Place of publication, distribution, etc. [S.l.]
Name of publisher, distributor, etc. E and F N Spon
Date of publication, distribution, etc. 2000
300 ## - PHYSICAL DESCRIPTION
Extent xi, 493p.
Dimensions 24cm.
350 ## - PRICE (NR) (BK AM CF MU VM SE) [OBSOLETE]
Price 80
520 ## - SUMMARY, ETC.
Summary, etc. Covers 30 countries, including the USA and Japan, giving background information on the building industry of each country as well as labour costs, unit rates and approximate estimating. The book begins with general information on the European construction industry and the EC and concludes with tables of comparative data.
520 ## - SUMMARY, ETC.
Summary, etc. Supersedes second edition (ISBN 0419196501).
651 #4 - SUBJECT ADDED ENTRY--GEOGRAPHIC NAME
Geographic name Europe
651 #4 - SUBJECT ADDED ENTRY--GEOGRAPHIC NAME
Geographic name Japan
651 #4 - SUBJECT ADDED ENTRY--GEOGRAPHIC NAME
Geographic name United States
690 ## - LOCAL SUBJECT ADDED ENTRY--TOPICAL TERM (OCLC, RLIN)
Topical term or geographic name as entry element BUILT ENVIRONMENT-BUILDING COSTS
942 ## - ADDED ENTRY ELEMENTS (KOHA)
Suppress in OPAC 0
Source of classification or shelving scheme Dewey Decimal Classification
Holdings
Withdrawn status Lost status Source of classification or shelving scheme Damaged status Not for loan Home library Current library Shelving location Date acquired Cost, normal purchase price Total Checkouts Full call number Barcode Date last seen Date last checked out Copy number Cost, replacement price Price effective from Koha item type
    Dewey Decimal Classification     London London Reference copy 01/06/2000 68.00 1 692.5094 SPO 30061551 06/08/2019 23/11/2009 1 68.00 06/08/2019 Book